Τουρισμός και φωτογραφία : αναπαραστάσεις της Ελλάδας στις σύγχρονες τουριστικές καρτ ποστάλ : [μεταπτυχιακή εργασία]

Αποθηκεύτηκε σε:
Λεπτομέρειες βιβλιογραφικής εγγραφής
Κύριος συγγραφέας: Μπονάρου, Χριστίνα
Συγγραφή απο Οργανισμό/Αρχή: Πανεπιστήμιο Αιγαίου Σχολή Επιστημών της Διοίκησης Τμήμα Διοίκησης Επιχειρήσεων Πρόγραμμα Μεταπτυχιακών Σπουδών "Σχεδιασμός, Διοίκηση και Πολιτική του Τουρισμού"
Άλλοι συγγραφείς: Γαλανή-Μουτάφη, Βασιλική (Εισηγητής διατριβής)
Μορφή: Thesis Βιβλίο
Γλώσσα:Greek
Δημοσίευση: 2007
Θέματα:
Διαθέσιμο Online:http://hdl.handle.net/11610/11481
Ετικέτες: Προσθήκη ετικέτας
Δεν υπάρχουν, Καταχωρήστε ετικέτα πρώτοι!

MARC

LEADER 00000cam a2200000 i 4500
001 1/64184
008 071122s2007 gre d
035 |l 10092500 
040 |a GR-MY-UA  |b gre  |e aacr 
041 0 |a gre 
082 0 |a 338.4791  |2 (22) 
100 1 |a Μπονάρου, Χριστίνα. 
245 1 0 |a Τουρισμός και φωτογραφία :  |b αναπαραστάσεις της Ελλάδας στις σύγχρονες τουριστικές καρτ ποστάλ : [μεταπτυχιακή εργασία] /  |c Χριστίνα Μπονάρου ; επιβλέπουσα: Βασιλική Γαλάνη-Μουτάφη 
260 |c 2007 
300 |a 175 σ.;  |b εικ.;  |c 30 εκ. 
502 |a Διατριβή (μεταπτυχιακή) – Πανεπιστήμιο Αιγαίου, Χίος, 2007. 
504 |a Περιλαμβάνει βιβλιογραφία 
610 2 0 |a Πανεπιστήμιο Αιγαίου. 
650 0 0 |a Tourism  |z Greece. 
650 0 0 |a Photograph albums  |z Greece. 
650 0 0 |a Photography  |z Greece. 
650 0 0 |a Dissertations, Academic  |z Greece. 
700 1 |4 ths  |a Γαλανή-Μουτάφη, Βασιλική. 
710 2 |a Πανεπιστήμιο Αιγαίου  |b Σχολή Επιστημών της Διοίκησης  |b Τμήμα Διοίκησης Επιχειρήσεων  |b Πρόγραμμα Μεταπτυχιακών Σπουδών "Σχεδιασμός, Διοίκηση και Πολιτική του Τουρισμού". 
852 |a INST  |b CHIOS  |c DIATR  |e 20071122  |h 338.4791 ΜΠΟ  |p 005200028427  |q 005200028427  |t MTXE  |y 23 
852 |a INST  |b CHIOS  |c DIATR  |e 20071122  |h 338.4791 ΜΠΟ  |p 005200028434  |q 005200028434  |t MTXE  |y 23 
856 |u http://hdl.handle.net/11610/11481 
901 |a BIBL2-2007-3 
909 |a Χ  |b 131425 
909 |a Χ  |b 131426 
924 |a Μπονάρου  |b Χριστίνα  |y Χίος  |z 2007-11 
970 |a ΑΤΣΑΛΗ  |b ΔΕΣΠΟΙΝΑ  |z 2007/11/22